[Event "GEO chT Clubs 2017"]
[Site "Tbilisi"]
[Date "2017.12.02"]
[Round "4"]
[White "Sibashvili, Giorgi"]
[Black "Jojua, Davit"]
[Result "0-1"]
[WhiteElo "2412"]
[BlackElo "2591"]
[Annotator "TA"]
[PlyCount "214"]
[EventDate "2017.??.??"]
[EventCountry "GEO"]
[SourceTitle "playchess.com"]
[Source "ChessBase"]
[SourceQuality "1"]

{[%evp 22,214,16,11,41,16,19,27,29,25,37,21,30,0,0,0,8,0,0,-6,0,0,0,0,0,0,0,0,9,0,0,2,0,5,18,-22,-19,-37,-41,-63,-56,-65,-37,-40,-49,-140,-52,-135,-67,-161,-156,-148,-113,-104,-75,-83,-61,-64,-64,-81,-80,-68,-75,-49,-27,-27,-27,-27,-27,-27,-27,-27,-27,-27,-27,-27,-27,-27,-27,-27,-27,-27,-27,-27,-27,-27,-27,-27,-27,-27,-27,-27,-27,-27,-27,-27,-27,-27,-27,-27,-27,-27,-11,-27,-27,-27,-27,-51,-54,-100,0,-98,-98,-98,-98,-1157,-1159,-918,-1085,-1062,-1180,-1208,-1204,-1211,-1139,-1096,-927,-1096,-860,-1037,-763,-933,-785,-1331,-1229,-1764,-1566,-1316,-972,-1051,-965,-627,-908,-908,-822,-925,-698,-1730,-1619,-1739,-406,-770,-724,-441,-361,-491,-432,-433,-406,-364,-361,-406,0,-1237,-1124,-1212,-361,-336,0,-1216,-1208,-1481,0,-361,-354,-347,-332,-330,-323,-1212,-1204,-1946,-1162,-29978,-29979,-29979,-29980,-29980,-29981,-29978,-29978,-29979,-29980,-29979,-29980]} 1. d4 Nf6 2. c4 g6 3. Nc3 d5 4. cxd5 Nxd5 5. e4 Nxc3 6. bxc3 Bg7 7. Nf3 c5 8. Be3 O-O 9. Be2 b6 {D85: Exchange Grünfeld: Unusual White 7th moves and lines with 7 Nf3} 10. Rc1 e6 11. O-O Bb7 12. Qd3 {LiveBook: 3 Games} Nd7 {[%cal Bb8d7,Bd7f6,Bf6e4][%mdl 32]} 13. d5 exd5 14. exd5 Re8 15. c4 Nf6 16. a4 $146 ({Predecessor:} 16. Rfe1 Bc8 17. Qb3 Qd6 18. Bf1 Bd7 19. g3 {0-1 (42) Lauber,A (2464)-Svidler,P (2740) Rogaska Slatina 2011}) 16... Bc8 17. h3 Ne4 18. Rfe1 Bd7 19. Qb3 Qf6 20. Rc2 h6 21. Bc1 Nd6 22. Bb2 Qf4 23. Bxg7 Kxg7 24. a5 Rab8 25. axb6 axb6 26. Qc3+ Qf6 27. Qxf6+ Kxf6 28. Ra1 Ra8 29. Rca2 Ra5 $36 {[%mdl 2048] Black has good play.} 30. Bd3 Rea8 31. Rxa5 bxa5 (31... Rxa5 {looks sharper.} 32. Re1 b5 33. Ne5 Bf5 34. Bxf5 gxf5 35. Nd7+ Kg5) 32. Nd2 a4 33. Nb3 (33. Kf1 $15) 33... Rc8 (33... Bf5 $17 34. Nxc5 Bxd3 35. Nxd3 Nxc4) 34. Na5 ({Better is} 34. Nd2 $15) 34... Rb8 (34... Ke5 $17 35. Kf1 Kd4) 35. Nc6 (35. Kf1 $15) 35... Ra8 $1 $19 36. Ra3 Bxc6 37. dxc6 $17 {[%mdl 4096] Endgame KRB-KRN} Ke7 38. Kf1 Kd8 39. Ke2 Kc7 40. Kd2 Kxc6 41. Kc3 f5 42. f3 g5 43. Bc2 f4 44. Rxa4 Rxa4 45. Bxa4+ $11 {KB-KN} Kc7 46. Bc2 Kd7 47. Bd3 Ke6 48. Bg6 Kf6 49. Bd3 Ne8 50. Bh7 Kf7 51. Kd3 Kg7 52. Bf5 Kf6 53. Bh7 Ke5 54. Be4 Nf6 55. Bg6 Ke6 56. Kc3 Nd7 57. Bh7 Kf6 58. Kb3 Nf8 59. Be4 Ne6 60. Kc3 Ke5 61. Bg6 Ng7 62. Bd3 Nh5 63. Bg6 Ng3 64. Kd3 Kf6 65. Bh7 Ke5 (65... h5 $17 66. Kd2 Nf1+ 67. Ke2 Ne3) 66. Kc3 (66. Bg6 $1 $11 {was the only way to keep the balance.}) 66... Nf1 $1 $17 67. Kd3 h5 {[%cal Bh6h5,Bh5h4][%mdl 32]} 68. Bg6 $2 {[%mdl 8192]} (68. Be4 $17) 68... h4 $1 $19 69. Be4 Ne3 70. Bb7 Nxg2 71. Bc8 Ne1+ 72. Ke2 Nc2 73. Kd3 Nd4 74. Bg4 Nc6 75. Bd7 Nb4+ 76. Kc3 Kd6 77. Ba4 Nc6 78. Kd3 Ne5+ 79. Ke4 Ke6 80. Bb5 Nf7 81. Bc6 Nd6+ 82. Kd3 Kf5 83. Kc3 Nf7 84. Be4+ Kf6 85. Ba8 {[#]} Ne5 (85... g4 $142 $1 {[%mdl 512]} 86. fxg4 Ng5) 86. Bd5 (86. Be4 $142 Nf7 87. Bd3) 86... Ke7 87. Be4 Kd6 88. Bd5 Nc6 89. Be4 Nd4 90. Kd3 Ke6 91. Ba8 Kd6 $2 ({Black should try} 91... Kf5 $19 92. Bb7 Ke5) 92. Bd5 $2 {[%mdl 8192]} (92. Be4 $11) 92... Ke5 93. Be4 Nb3 $2 (93... Ne6 94. Ke2 Kd4) 94. Bb7 Nd4 $2 (94... Nc1+ 95. Kd2 Nb3+ 96. Kd3 Nd4) 95. Be4 Ne6 96. Bb7 {[#]} Nd4 $2 (96... g4 $1 $19 {[%mdl 512]} 97. fxg4 Ng5) 97. Bd5 $2 {[%mdl 8192]} (97. Be4 $11) 97... Nf5 98. Bb7 Ne3 99. Bc8 Kd6 100. Ke4 $2 (100. Bb7) 100... Nxc4 101. Kf5 Ne3+ 102. Kxg5 Ng2 {Black mates.} 103. Ba6 Kd5 104. Kf5 c4 {[%cal Bc5c4,Bc4c3][%mdl 32]} 105. Bb5 Kd4 106. Kg4 c3 107. Ba4 Kd3 {Precision: White = 43%, Black = 72%.} 0-1

[Event "GEO chT Clubs 2017"]
[Site "Tbilisi"]
[Date "2017.12.02"]
[Round "4"]
[White "Arabidze, Meri"]
[Black "Charkhalashvili, Inga"]
[Result "1/2-1/2"]
[WhiteElo "2378"]
[BlackElo "2355"]
[Annotator "TA"]
[PlyCount "165"]
[EventDate "2017.??.??"]
[EventCountry "GEO"]
[SourceTitle "playchess.com"]
[Source "ChessBase"]
[SourceQuality "1"]

{[%evp 19,165,-20,-10,-25,-25,-29,-3,-8,28,32,20,3,18,17,16,9,25,39,22,0,36,27,39,37,27,44,37,8,21,8,16,0,-2,-8,-14,-16,0,0,0,0,0,0,8,0,66,20,145,121,91,0,6,0,7,10,15,21,37,15,12,0,45,45,87,74,72,97,77,44,44,44,80,67,94,44,108,80,172,144,190,190,228,172,237,238,238,234,241,241,243,243,243,243,243,243,243,243,243,235,243,243,243,243,243,241,241,248,290,255,263,262,328,282,228,241,247,0,247,247,262,261,311,335,277,270,172,203,196,210,194,0,285,206,334,317,294,242,317,325,269,81,79,79,79,47,41,0,68,0]} 1. c4 c5 2. Nc3 Nc6 3. Nf3 g6 4. a3 Bg7 5. Rb1 d6 6. g3 e6 7. Bg2 Nge7 8. b4 O-O 9. O-O b6 {A36: Symmetrical English vs ...g6: 4 Bg2 Bg7} 10. Na4 (10. e3 d5 11. bxc5 bxc5 12. Na4 Qd6 13. d3 Ba6 14. Qc2 Rab8 15. Rxb8 Rxb8 16. cxd5 Nxd5 17. e4 {½-½ (33) Ding,L (2773)-Svidler,P (2755) Moscow 2017}) 10... Rb8 {LiveBook: 3 Games} 11. Bb2 e5 {Black has an edge.} 12. Nc3 $146 ({Predecessor:} 12. b5 Nd4 13. Nc3 Bb7 14. e4 f5 15. d3 Qd7 16. a4 f4 17. Nd5 Nxd5 18. exd5 Nxf3+ 19. Bxf3 {1-0 (34) Klekowski,M (2473)-Hirneise,T (2466) Krakow 2017}) 12... Be6 13. d3 cxb4 14. axb4 Nxb4 15. Ba3 Na6 16. Ng5 Bf5 17. Qa4 Nc7 (17... Nc5 $5 {[%cal Rc5a4]} 18. Qxa7 Bd7 $11) 18. Nge4 Nc8 19. Nb5 {[%cal Rb5d6]} (19. Rfc1 {is more complex.} a6 20. Qd1 Bg4 21. c5 d5 22. Nd6) 19... Nxb5 20. cxb5 Qd7 21. Rfc1 a5 22. Rc6 {[%cal Re4d6]} Bxe4 23. Qxe4 Rd8 24. Rbc1 Bf8 25. d4 Qe8 {next ...d5 is good for Black.} 26. d5 Na7 27. Qd3 Rb7 28. R1c2 Qd7 29. Bc1 Be7 30. e4 Ra8 31. Bf1 Bd8 (31... Qd8 $11) 32. Qa3 {[%mdl 1024] White has compensation.} Bc7 (32... Be7 $11) 33. Qc3 $1 $16 {[%cal Rc6c7]} Bd8 34. Be3 ({Better is} 34. Ba3 $16) 34... Qe7 $11 35. Qa3 Nxc6 36. dxc6 Rbb8 37. Bc4 Bc7 38. Bd5 Kg7 39. Rc4 Rf8 40. Qc1 f6 41. Bh6+ Kh8 42. Bxf8 Qxf8 43. Ra4 Kg7 44. Qf1 Qe7 45. Qh3 Rd8 46. Qg4 Qe8 (46... Rf8 $14) 47. h4 $16 {[%cal Bh2h4,Bh4h5][%mdl 32]} Kh8 (47... h5 $16 48. Qe2 f5) 48. Kg2 Qe7 49. h5 g5 50. Ra3 h6 (50... Kg7 $142 51. Qf5 Ra8) 51. Qf5 $18 Qg7 52. Kf3 Rf8 53. Ke2 Qe7 54. Rf3 Bd8 55. Rc3 Bc7 56. Kd2 Rd8 57. Kc2 Rf8 58. Rf3 Qg7 {[#]} 59. g4 $1 Qe7 60. Kb3 Qg7 61. Qe6 Kh7 62. Qd7 Kh8 63. Ka2 Kh7 64. Qe6 Kh8 65. Bc4 Kh7 66. Rd3 Rd8 67. Rf3 Rf8 68. Bb3 Kh8 69. Kb2 Kh7 70. Kc2 Kh8 71. Kd3 Kh7 72. Kc4 Kh8 73. Kd5 Bb8 74. Kc4 (74. Bc2 $142) 74... Bc7 {[#]} 75. Kc3 $1 Kh7 76. Bd5 Kh8 77. Kc4 Kh7 78. Qd7 Kh8 79. Be6 $2 (79. Qf5 $18 {has better winning chances.}) 79... Rd8 $16 80. Qxg7+ Kxg7 81. Kd5 Ra8 82. Kc4 Rd8 $1 83. Kd5 {Precision: White = 53%, Black = 45%.} (83. Bd5 $14) 1/2-1/2

[Event "GEO chT Clubs 2017"]
[Site "Tbilisi"]
[Date "2017.12.02"]
[Round "4"]
[White "Kekelidze, Mikheil"]
[Black "Paichadze, Luka"]
[Result "0-1"]
[WhiteElo "2367"]
[BlackElo "2580"]
[Annotator "TA"]
[PlyCount "118"]
[EventDate "2017.??.??"]
[EventCountry "GEO"]
[SourceTitle "playchess.com"]
[Source "ChessBase"]
[SourceQuality "1"]

{[%evp 19,118,22,43,-10,0,0,0,-10,0,0,0,0,0,0,0,0,0,-22,0,-36,-36,-66,-74,-101,-96,-113,-80,-89,-78,-106,-106,-106,-106,-106,-106,-113,-116,-119,-137,-133,-75,-84,-74,-150,-40,-46,-48,-82,-80,-83,-76,-65,-49,-49,-8,-8,-8,-3,0,-8,-8,-8,-8,-8,-8,-8,-10,-14,-18,-33,-33,-33,-33,-70,-34,-593,-576,-488,-451,-654,-580,-473,-506,-458,-444,-437,-437,-5743,-5601,-5133,-5135,-3032,-3032,-29978,-29979,-29979,-29980,-29983,-29984,-29986,-29987]} 1. e4 c6 2. d4 d5 3. e5 Bf5 4. h4 h5 5. Bg5 Qb6 6. Bd3 {B12: Caro-Kann: Advance Variation} Bxd3 7. Qxd3 e6 8. Nd2 Ne7 9. c4 Nf5 10. Ngf3 Qa6 {LiveBook: 6 Games} 11. Ke2 $146 (11. Qc3 $14) ({Predecessor:} 11. O-O Nd7 12. Qc3 Be7 13. Bxe7 Nxe7 14. c5 b6 {½-½ (75) Nepomniachtchi,I (2720)-Nisipeanu,L (2654) Dortmund 2015}) 11... dxc4 12. Nxc4 Nd7 13. Rhd1 f6 14. Bf4 Nb6 15. Ne3 Qxd3+ 16. Rxd3 Ne7 17. Rb3 O-O-O 18. a4 Ned5 19. Bg3 a5 20. exf6 gxf6 21. Nxd5 Nxd5 22. Nd2 Bb4 23. Nc4 Rhg8 24. Rd1 Rg4 25. Ne3 Nxe3 $1 26. Rxe3 Kd7 ({Much worse is} 26... Rdxd4 $6 27. Rxd4 Rxd4 28. Rxe6 $11) 27. Kf3 Ke7 28. Re4 Rxe4 29. Kxe4 $17 {[%mdl 4096] Endgame KRB-KRB} Rg8 ({Black should play} 29... c5 30. d5 f5+ 31. Kd3 Rxd5+ 32. Ke2 c4) 30. Bf4 {[#]} Bd6 $1 ({Much weaker is} 30... Rxg2 31. Bg3 $14) 31. g3 {[#]} Bxf4 (31... f5+ $1 $17 32. Kf3 Bxf4 33. Kxf4 Rg4+ 34. Ke3 Kd6) 32. Kxf4 {KR-KR} Rg4+ 33. Ke3 Kd6 34. Rb1 Kd5 35. b4 Rxd4 36. bxa5 Rxa4 37. Rxb7 Ra3+ 38. Kf4 Ra4+ 39. Ke3 Rxa5 40. Rh7 Kd6 41. f3 Re5+ 42. Kd3 c5 43. g4 Rd5+ 44. Kc3 Rd4 45. Rxh5 Rf4 46. g5 Rxf3+ 47. Kc4 $2 {[%mdl 8192]} ({White should try} 47. Kc2 $15) 47... fxg5 $19 48. hxg5 Rf5 49. Kb5 (49. Rh8 $142 Rxg5 50. Rd8+ Ke7 51. Ra8) 49... Kd5 50. Rh1 Rxg5 51. Rd1+ Ke4 52. Re1+ Kd3 53. Rxe6 (53. Rd1+ $142 Ke2 54. Rh1) 53... c4+ {[%cal Bc5c4,Bc4c3,Bc3c2][%mdl 32]} 54. Kb4 c3 55. Rh6 c2 56. Rh3+ Kd2 {Black mates.} 57. Rh2+ Kc1 58. Kb3 Rc5 59. Rg2 Kb1 {Precision: White = 45%, Black = 74%.} 0-1

[Event "GEO chT Clubs 2017"]
[Site "Tbilisi"]
[Date "2017.12.02"]
[Round "4"]
[White "Lomsadze, Davit"]
[Black "Chanturia, Lasha"]
[Result "1-0"]
[WhiteElo "2332"]
[BlackElo "1793"]
[Annotator "NA"]
[PlyCount "69"]
[EventDate "2017.??.??"]
[EventCountry "GEO"]
[SourceTitle "playchess.com"]
[Source "ChessBase"]
[SourceQuality "1"]

1. g3 Nf6 2. Bg2 e6 3. Nf3 Nc6 4. O-O b6 5. d3 Bb7 6. e4 h5 7. c4 Be7 8. h3 e5 9. Nc3 d6 10. h4 Bc8 11. Ng5 Nh7 12. Nxh7 Rxh7 13. Nd5 Be6 14. Nxe7 Qxe7 15. b4 Nd4 16. Be3 c5 17. Qd2 Bh3 18. Bxd4 Bxg2 19. Kxg2 cxd4 20. a4 Rh6 21. a5 bxa5 22. Rxa5 Rg6 23. Kh2 Qd7 24. f4 f6 25. Qd1 Rg4 26. fxe5 dxe5 27. Qa4 Qxa4 28. Rxa4 Rb8 29. Rf5 g5 30. hxg5 fxg5 31. Rxe5+ Kf8 32. Kh3 Kg8 33. b5 Rb7 34. Ra6 Rf7 35. Rf5 1-0

[Event "GEO chT Clubs 2017"]
[Site "Tbilisi"]
[Date "2017.12.02"]
[Round "4"]
[White "Tsatsalashvili, Keti"]
[Black "Gavasheli, Ana"]
[Result "1/2-1/2"]
[WhiteElo "2301"]
[BlackElo "2246"]
[Annotator "TA"]
[PlyCount "227"]
[EventDate "2017.??.??"]
[EventCountry "GEO"]
[SourceTitle "playchess.com"]
[Source "ChessBase"]
[SourceQuality "1"]

{[%evp 10,227,0,-33,19,0,21,13,18,5,35,21,17,-60,-16,-18,-12,-59,37,-24,-6,-17,-7,-16,96,77,92,91,131,128,125,123,111,105,111,122,120,94,97,98,91,76,61,60,75,56,107,127,120,125,147,164,152,146,154,103,95,79,116,28,28,28,29,29,23,25,21,18,37,37,37,37,76,88,77,37,37,37,48,37,37,37,37,37,37,37,37,37,37,37,37,37,37,37,37,37,37,0,0,0,37,37,37,37,37,0,37,37,37,37,37,37,37,0,0,0,0,0,37,37,37,0,37,6,6,6,6,0,0,0,0,0,0,0,0,0,0,0,0,0,0,0,0,0,0,0,0,0,0,0,0,0,0,0,0,0,0,0,0,0,0,0,0,0,0,0,0,0,0,0,0,0,0,0,0,0,0,0,0,0,0,0,0,0,0,0,0,0,0,0,0,0,0,0,0,0,0,0,0,0,0,0,0,0,0,0,0,0,0,0,0,0,0,0,0,0,0,0,0,0]} 1. Nf3 Nf6 2. b3 g6 3. Bb2 Bg7 4. c4 d6 5. d4 O-O 6. Nbd2 Bf5 {E60: King's Indian: Unusual lines and Fianchetto Variation without Nc3} (6... e5 $15) (6... c5 7. e3 a5 8. Bd3 a4 9. O-O Nc6 10. Bc3 Nb4 11. Bxb4 cxb4 12. Ne1 Bd7 13. Nc2 Qa5 14. bxa4 Bxa4 {1-0 (39) Gaifullin,A (2300)-Drygalov,S (2358) Samara 2015}) 7. h3 $146 ({Predecessor:} 7. g3 Qc8 8. h3 c5 9. Bg2 Nc6 10. g4 Bd7 11. d5 Nd8 12. Qc2 e5 13. a3 Re8 14. e4 {½-½ (38) Sromovsky,J (2012)-Gettvert,V (2034) Slovakia 2009}) 7... Re8 8. g4 Bc8 9. e3 Nbd7 10. Qc2 e5 11. d5 ({Better is} 11. dxe5 $11 dxe5 12. g5) 11... e4 12. Nd4 h6 13. Bg2 {[%cal Rd2e4]} Qe7 (13... Nc5 $1 $15) 14. Ne2 (14. O-O $14) 14... c6 15. Ng3 (15. Rd1 {feels hotter.} cxd5 16. cxd5 Nc5 17. Bxf6 Qxf6 18. O-O) 15... cxd5 16. cxd5 {[%cal Rd2e4]} Nxd5 (16... b6 $11 {remains equal.}) 17. Bxg7 $16 Kxg7 18. Ndxe4 {[%cal Bd2e4,Be4c3,Bc3b5,Bb5d4,Bd4f5][%mdl 32]} Nb4 {[#]} 19. Qc3+ $1 Qe5 {Threatening ...Qxc3+.} 20. O-O Qxc3 21. Nxc3 Nf6 22. Rfd1 Rd8 23. Nb5 Ne8 24. Ne4 {[%cal Rb5d6]} d5 25. Nec3 {[%cal Rc3d5,Be4c3,Bc3a4,Ba4c5][%mdl 32]} a6 26. Nd4 Nf6 27. Na4 Rd6 (27... Rb8 $14) 28. e4 $36 {[%mdl 2048] Black is under strong pressure.} dxe4 {[#]} 29. Nf5+ $1 {[%mdl 512]} gxf5 (29... Bxf5 30. Rxd6) 30. Rxd6 Be6 31. Nc5 Bd5 32. gxf5 (32. a3 $142 Nc2 33. Rd1) 32... Rc8 33. Nd7 Ne8 34. Rxd5 ({White should try} 34. Rb6 $16 Nd3 35. f6+ Kh8 36. b4) 34... Nxd5 $11 35. Bxe4 Rc7 36. Bxd5 Rxd7 {[%mdl 4096] Endgame KRB-KRN} 37. Bf3 Kf6 38. Rc1 Ng7 39. Rc5 Re7 40. Bg4 Re1+ 41. Kg2 Ra1 42. Rc7 Rxa2 43. Rxb7 Nxf5 44. Rb6+ Kg5 45. Bxf5 Kxf5 46. Rxh6 $14 {KR-KR} f6 47. Rh8 a5 48. Rg8 a4 49. bxa4 Rxa4 50. Rg7 Rb4 51. Kg3 Rb3+ 52. f3 Rb1 53. Rg4 Rg1+ 54. Kh2 Ra1 55. h4 Ra2+ 56. Kg3 Ra1 57. Kh3 Rb1 58. Ra4 Kg6 59. Ra5 Rb4 60. Kg3 Rc4 61. h5+ Kh6 62. f4 Rc1 63. Kg4 Rh1 64. Ra8 Kg7 65. Ra7+ Kf8 66. Kf5 Rxh5+ {The position is equal.} 67. Kg6 Rh1 68. f5 (68. Ra6 {is interesting.} Rb1 69. Ra8+ Ke7 70. Ra7+ Kf8 71. Rc7) 68... Rb1 69. Ra6 Ke7 70. Re6+ Kf8 $1 71. Rxf6+ Kg8 $1 72. Rd6 {[%cal Rd6d8]} Kf8 73. Ra6 (73. Kg5 {keeps more tension.} Kf7 74. Rd7+ Kf8 75. Rc7 Rf1 76. Kf6) 73... Rf1 74. Kf6 {[%cal Ra6a8]} Kg8 $1 75. Ra8+ Kh7 76. Rf8 Ra1 77. Re8 {Black must now prevent Kf7.} Rf1 78. Re5 Kg8 79. Rd5 {Rd8+ is the strong threat.} Rf2 80. Rd8+ Kh7 81. Rd1 Kg8 82. Rg1+ Kf8 83. Rc1 {[%cal Rc1c8]} Kg8 $1 84. Rc7 {aiming for Ra7.} Rf1 85. Rc8+ Kh7 86. Ke6 Kg7 87. Rc7+ Kf8 88. Rd7 (88. Kf6 {with more complications.} Kg8) 88... Rf2 89. Kf6 {[%cal Rd7d8]} (89. f6 {is interesting.} Re2+ 90. Kf5 Rf2+ 91. Ke5 Re2+ 92. Kf4) 89... Kg8 $1 90. Rd8+ Kh7 91. Rf8 Ra2 92. Rd8 Rf2 93. Rd5 {Threatens to win with Kf7.} Kg8 94. Rd4 {And now Rd7 would win.} Rf1 95. Rg4+ Kf8 96. Rh4 $1 {[%cal Rh4h8]} Kg8 $1 97. Rh5 Rf2 98. Kg6 Rg2+ 99. Kf6 Rf2 100. Rg5+ Kf8 101. Rg1 Ra2 102. Re1 Rf2 103. Rb1 {[%cal Rb1b8]} Kg8 $1 104. Rb7 Rf1 105. Rb8+ Kh7 106. Ke6 Kg7 107. Rb7+ Kf8 108. Kf6 {[%cal Rb7b8]} Kg8 $1 109. Rb8+ Kh7 110. Rf8 {Strongly threatening Ra8.} Ra1 111. Ke7 Ra7+ 112. Ke6 {White threatens Rf7+ and mate.} Ra6+ 113. Ke5 Kg7 114. Rd8 {Precision: White = 69%, Black = 61%.} 1/2-1/2

[Event "GEO chT Clubs 2017"]
[Site "Tbilisi"]
[Date "2017.12.02"]
[Round "4"]
[White "Gvetadze, Sofio"]
[Black "Khmiadashvili, Tamar"]
[Result "1/2-1/2"]
[WhiteElo "2289"]
[BlackElo "1982"]
[Annotator "ChessBase"]
[PlyCount "86"]
[EventDate "2017.??.??"]
[EventCountry "GEO"]
[SourceTitle "playchess.com"]
[Source "ChessBase"]
[SourceQuality "1"]

1. e4 d5 2. exd5 Qxd5 3. Nc3 Qd6 4. d4 c6 5. Nf3 Bg4 6. h3 Bxf3 7. Qxf3 e6 8. Bf4 Qd8 9. O-O-O Nf6 10. d5 exd5 11. Nb5 cxb5 12. Bxb8 a6 13. Be5 Bd6 14. Bd4 O-O 15. Bd3 Re8 16. Rhe1 Rxe1 17. Rxe1 Ne4 18. Bxe4 dxe4 19. Qxe4 Qc7 20. Qg4 Bf8 21. Re3 Qc4 22. b3 Qc6 23. Bb2 Re8 24. Rxe8 Qxe8 25. Kd2 Qc6 26. g3 Qd5+ 27. Qd4 Qxd4+ 28. Bxd4 f5 29. Kd3 Kf7 30. c4 g6 31. cxb5 axb5 32. a4 bxa4 33. bxa4 Ke6 34. Kc4 Bd6 35. Be3 Kd7 36. Kd5 Bb4 37. Bd4 Ba5 38. Ke5 Bd8 39. h4 Ke7 40. Bc5+ Kd7 41. Be3 Be7 42. Ba7 Bd8 43. Be3 Be7 1/2-1/2

[Event "GEO chT Clubs 2017"]
[Site "Tbilisi"]
[Date "2017.12.02"]
[Round "4"]
[White "Lortkipanidze, Nodar"]
[Black "Shanava, Konstantine"]
[Result "0-1"]
[WhiteElo "2225"]
[BlackElo "2512"]
[Annotator "TA"]
[PlyCount "68"]
[EventDate "2017.??.??"]
[EventCountry "GEO"]
[SourceTitle "playchess.com"]
[Source "ChessBase"]
[SourceQuality "1"]

{[%evp 19,68,8,23,-4,-6,-29,-33,-41,-34,-40,-24,-43,0,0,37,12,12,-16,-12,-15,-12,-14,-18,-37,-59,-76,-88,-239,-242,-330,-289,-359,-352,-441,-448,-620,-633,-559,-509,-820,-883,-828,-667,-797,-658,-913,-895,-1092,-698,-789,-533]} 1. d4 d5 2. c4 dxc4 3. e3 e6 4. Bxc4 Nf6 5. Nf3 c5 6. O-O cxd4 7. exd4 Be7 8. Nc3 O-O 9. Be3 Nc6 10. a3 b6 {LiveBook: 12 Games. E57: Nimzo-Indian: Rubinstein: Main Line: 7...Nc6 8 a3 dxc4 9 Bxc4 cxd4} (10... h6 11. Qe2 a6 12. Rfd1 Nd5 13. Rac1 Bf6 14. Ba2 Nce7 15. Qc2 Re8 16. Nxd5 exd5 17. Ne5 Nf5 18. Bf4 {½-½ (60) Puranik,A (2442)-Lu,S (2618) Doha 2015}) 11. b4 Bd6 $146 ({Predecessor:} 11... Bb7 12. Qe2 Rc8 13. Rfd1 Nb8 14. Ne5 Nd5 15. Nxd5 Bxd5 16. Bd3 Nd7 17. Ba6 Rc7 18. Rac1 {½-½ (52) Hayrapetyan,H (2438)-Poghosyan,S (2284) Yerevan 2014}) 12. Qb3 Bb7 {Black has an edge.} 13. Rfd1 Ne7 14. Bg5 Rc8 {Hoping for ...Bxf3.} 15. Bxf6 {[#] Bh4 is the strong threat.} gxf6 (15... Bxf3 $5 16. gxf3 gxf6 $11) 16. d5 e5 17. Ne4 f5 18. Nf6+ Kg7 19. Nh5+ Kh8 20. Bb5 Rc7 21. Bc6 Bc8 22. Qb2 f6 23. b5 $2 {[#]} (23. Ng3 $17 {was called for.}) 23... f4 $1 $19 24. h3 Nf5 25. Re1 Ng7 26. Nxg7 Rxg7 {[%cal Bc7g7,Bg7g6,Bg6h6][%mdl 32] Black is clearly winning.} 27. Kh1 Rfg8 28. Rg1 Rg6 29. Nd2 (29. Qb3 $142 e4 30. Nd4) 29... Rh6 {( -> ...Bxh3!)} 30. Qb3 Bf5 31. Rac1 e4 32. Rc3 Be5 33. d6 f3 34. Nxf3 Bxc3 {Precision: White = 25%, Black = 84%.} 0-1

[Event "GEO chT Clubs 2017"]
[Site "Tbilisi"]
[Date "2017.12.02"]
[Round "4"]
[White "Petriashvili, Nikoloz"]
[Black "Gelashvili, Tamaz"]
[Result "0-1"]
[WhiteElo "2180"]
[BlackElo "2556"]
[Annotator "TA"]
[PlyCount "76"]
[EventDate "2017.??.??"]
[EventCountry "GEO"]
[SourceTitle "playchess.com"]
[Source "ChessBase"]
[SourceQuality "1"]

{[%evp 20,76,31,-21,0,-11,16,-42,-43,-47,-45,-47,-47,-58,-55,-46,-49,-101,-87,-155,-160,-225,-234,-245,-245,-228,-231,-254,-251,-254,-250,-254,-256,-306,-312,-294,-306,-345,-340,-316,-342,-319,-340,-378,-384,-425,-427,-414,-402,-440,-429,-536,-537,-534,-543,-524,-529,-516,-511]} 1. e4 e5 2. Nf3 d6 3. d4 exd4 4. Nxd4 Nf6 5. Nc3 Be7 6. g3 O-O 7. Bg2 {C41: Philidor-Verteidigung} c6 (7... Re8 8. O-O Bf8 9. Bf4 Nbd7 10. Qd2 Ne5 11. Rad1 c6 12. h3 b5 13. b3 b4 14. Na4 c5 {1-0 (48) Vachier Lagrave,M (2731)-Rapport,R (2671) Biel 2015}) 8. O-O Re8 9. h3 Bf8 10. Be3 Nbd7 11. Nde2 {LiveBook: 3 Partien} (11. Re1 $14) 11... Qc7 $146 ({Vorgänger:} 11... b5 12. a3 Bb7 13. g4 Ne5 {1-0 (40) Grabarczyk,B (2393)-Pruijssers,R (2529) Germany 2013}) 12. g4 Nc5 {[%cal Rc5e4]} 13. Ng3 (13. Qd4 $11) 13... d5 $1 $15 {[%cal Rc5e4]} 14. Bxc5 Bxc5 15. Qd3 {[%cal Re4d5]} dxe4 16. Ngxe4 Nxe4 17. Nxe4 Be7 18. f4 (18. Qg3 $15 Qxg3 19. fxg3) 18... Be6 $17 19. f5 (19. Kh1 $142) 19... Bd5 {Und ...Lxe4 würde nun gewinnen.} 20. Rae1 {[#]} (20. Rad1 $17 {war nötig.}) 20... Rad8 $1 $19 {zielt auf ...Lxe4 ab.} ({Schlechter ist} 20... Bxa2 21. b3 $15) 21. Qg3 Qxg3 22. Nxg3 {[#]} Bc4 $1 ({Viel schwächer ist} 22... Bxa2 23. b3 $17) 23. Ne4 Bh4 24. Re3 Bxf1 25. Bxf1 Kf8 26. Bd3 Bf6 27. Re1 Bxb2 28. Rb1 Bd4+ 29. Kg2 b5 30. Kf3 Bb6 31. g5 Rd4 32. g6 hxg6 33. fxg6 fxg6 34. h4 Ke7 {Schwarz steht klar auf Gewinn.} 35. Ng5 Rf8+ 36. Kg3 Bc7+ 37. Kh3 Rff4 38. Re1+ Kd7 {Precision: Weiß = 33%, Schwarz = 91%.} 0-1

[Event "GEO chT Clubs 2017"]
[Site "Tbilisi"]
[Date "2017.12.02"]
[Round "4"]
[White "Kuchava, Ana"]
[Black "Batsiashvili, Nino"]
[Result "*"]
[WhiteElo "2164"]
[BlackElo "2497"]
[Annotator "TA"]
[PlyCount "39"]
[EventDate "2017.??.??"]
[EventCountry "GEO"]
[SourceTitle "playchess.com"]
[Source "ChessBase"]
[SourceQuality "1"]

{[%evp 1,1,22]} 1. d4 {Predecessor:} d5 $146 2. Nf3 e6 3. c4 Nf6 4. Nc3 c5 5. e3 dxc4 6. Bxc4 a6 7. O-O b5 8. Be2 Bb7 9. dxc5 Bxc5 10. Qxd8+ Kxd8 11. Nd2 Ke7 12. Nb3 Bb6 13. a4 b4 14. a5 Bc7 15. Na4 Nbd7 16. Bd2 Bd6 17. Rfc1 Rhc8 18. Nb6 Rxc1+ 19. Rxc1 Nxb6 20. axb6 {1-0 (31) Carlsen,M (2832)-So,W (2815) chess.com INT 2017} *